000 00664nam a2200217Ia 4500
003 GCL
008 140319s9999 xx 000 0 ara d
040 _aGCL /
_cGCL
082 0 4 _aط
_b239
_bم م
100 1 _aمحمد احمد برانق
245 1 0 _aفجر الدعوة /
_cمحمد احمد برانق
260 _a[S.N] :
_bدار المعارف
300 _aمتعددة
490 _aمجموعة سيرة الرسول صلى الله عليه وسلم
_v0
650 0 4 _aالاطفال
650 0 4 _aالقصص
650 0 4 _aقصص الاطفال
650 0 4 _aقصص الانبياء
650 0 4 _aالقصص الدينية
942 _2ddc
_cBK
999 _c34394
_d34394